[Event "IECC KO email"]
[Site "IECC email"]
[Date "2001.11.07"]
[Round "?"]
[White "Borup, John"]
[Black "Wilton, Tim"]
[Result "0-1"]
[WhiteElo "1050"]
[BlackElo "1098"]
[PlyCount "70"]
[EventDate "2001.??.??"]
[EventType "tourn (corr)"]
[EventRounds "6"]
[SourceTitle "Corr 2008"]
[Source "ChessBase"]
[SourceDate "2008.06.24"]
[SourceVersion "1"]
[SourceVersionDate "2008.06.24"]
[SourceQuality "1"]

1. b4 e5 2. Bb2 Bxb4 3. Bxe5 Nc6 4. Bxg7 d5 5. Bxh8 Nf6 6. Bxf6 Qxf6 7. c3 Bg4 8. Nf3 Bf8 9. Qa4 Bxf3 10. exf3 0-0-0 11. Be2 d4 12. 0-0 d3 13. Qg4+ Kb8 14. Bd1 Bg7 15. Qe4 Ne5 16. Qxh7 Rh8 17. Qe4 Rh4 18. Qd5 c6 19. Qb3 Rh6 20. Re1 Qh4 21. h3 Rg6 22. Re4 Qxh3 23. g3 Rxg3+ 24. fxg3 Qxg3+ 25. Kf1 Qh3+ 26. Kf2 Qh2+ 27. Kf1 Qh1+ 28. Kf2 Qh2+ 29. Ke3 Qg1+ 30. Kf4 Bh6+ 31. Kxe5 Qg5+ 32. Kd4 Qd8+ 33. Kc4 Qd5+ 34. Kb4 Bf8+ 35. Ka4 b5+ 0-1

[Event "IECC KO email"]
[Site "IECC email"]
[Date "2001.11.07"]
[Round "?"]
[White "Wilton, Tim"]
[Black "Borup, John"]
[Result "1-0"]
[WhiteElo "1083"]
[BlackElo "1065"]
[PlyCount "57"]
[EventDate "2001.??.??"]
[EventType "tourn (corr)"]
[EventRounds "6"]
[SourceTitle "Corr 2008"]
[Source "ChessBase"]
[SourceDate "2008.06.24"]
[SourceVersion "1"]
[SourceVersionDate "2008.06.24"]
[SourceQuality "1"]

1. e4 e5 2. Nf3 Nc6 3. Bb5 d6 4. d4 Bd7 5. d5 Nce7 6. Bxd7+ Qxd7 7. Nc3 0-0-0 8. Qd3 f6 9. h4 h5 10. Be3 Kb8 11. Ne2 g6 12. Bxa7+ Kxa7 13. 0-0 Kb8 14. a4 Nc8 15. a5 Na7 16. a6 b6 17. c4 Ne7 18. b4 f5 19. Ng5 Rg8 20. Nc3 Bh6 21. Nf7 Bg7 22. Nxd8 Qxd8 23. c5 dxc5 24. bxc5 b5 25. Nxb5 c6 26. Nxa7 Kxa7 27. Rfb1 Qc8 28. d6 Rd8 29. Qb3 1-0

[Event "IECC KO email"]
[Site "IECC email"]
[Date "2000.09.25"]
[Round "?"]
[White "Wilton, Tim"]
[Black "Harrison, Mark"]
[Result "1-0"]
[WhiteElo "1026"]
[BlackElo "850"]
[PlyCount "39"]
[EventDate "2000.??.??"]
[EventType "tourn (corr)"]
[EventRounds "6"]
[SourceTitle "Corr 2008"]
[Source "ChessBase"]
[SourceDate "2008.06.24"]
[SourceVersion "1"]
[SourceVersionDate "2008.06.24"]
[SourceQuality "1"]

1. e4 c5 2. Nf3 d6 3. d4 cxd4 4. Nxd4 Nf6 5. Nc3 g6 6. Be3 Bg7 7. Be2 0-0 8. f4 Bd7 9. 0-0 Nc6 10. Qd2 Qc7 11. Rad1 e5 12. Ndb5 Qb8 13. Nxd6 Be6 14. f5 gxf5 15. exf5 Bd7 16. Bh6 Nd4 17. Qg5 Ne8 18. Nxe8 Nxf5 19. Rxf5 Bxf5 20. Qxg7# 1-0